| 000 | 01904nam a2200361 a 4500 | ||
|---|---|---|---|
| 001 | ebr10675018 | ||
| 003 | CaPaEBR | ||
| 006 | m u | ||
| 007 | cr cn||||||||| | ||
| 008 | 100714s2011 nyua sb 001 0 eng d | ||
| 010 | _z 2010028497 | ||
| 020 | _z9781617610004 (hardcover) | ||
| 020 | _z9781617614989 (e-book) | ||
| 040 |
_aCaPaEBR _cCaPaEBR |
||
| 035 | _a(OCoLC)780442976 | ||
| 050 | 1 | 4 |
_aHD9502.A2 _bR655 2011eb |
| 082 | 0 | 4 |
_a333.79 _222 |
| 100 | 1 |
_aRosen, Marc _q(Marc A.) |
|
| 245 | 1 | 0 |
_aEconomics and exergy _h[electronic resource] : _ban enhanced approach to energy economics / _cMarc A. Rosen. |
| 260 |
_aNew York : _bNova Science Publishers, Inc., _cc2011. |
||
| 300 |
_axxii, 220 p. : _bill. (some col.). |
||
| 490 | 1 | _aEnergy science, engineering and technology | |
| 504 | _aIncludes bibliographical references (p. [193]-212) and index. | ||
| 505 | 0 | _aConcepts, methods and applications -- Motivation -- An introduction to exergy and economics -- Exergy -- Exergy and economics -- Exergy and economic methods -- Applications of exergy-based economic methods -- History of exergy and economic methods -- Illustrative examples -- Exergy analysis -- Excem analysis -- Loss-cost ratio analysis -- Exergy-based pricing -- Speco analysis -- Exergy-guided research and development investments for countries and regions -- Closure and future directions. | |
| 533 |
_aElectronic reproduction. _bPalo Alto, Calif. : _cebrary, _d2013. _nAvailable via World Wide Web. _nAccess may be limited to ebrary affiliated libraries. |
||
| 650 | 0 | _aEnergy policy. | |
| 650 | 0 | _aEconomic policy. | |
| 650 | 0 | _aExergy. | |
| 655 | 7 |
_aElectronic books. _2local |
|
| 710 | 2 | _aebrary, Inc. | |
| 830 | 0 | _aEnergy science, engineering and technology series. | |
| 856 | 4 | 0 |
_uhttp://site.ebrary.com/lib/rucke/Doc?id=10675018 _zAn electronic book accessible through the World Wide Web; click to view |
| 999 |
_c57381 _d57381 |
||